<?xml version="1.0" encoding="UTF-8"?>
<marc:record xmlns:marc="http://www.loc.gov/MARC21/slim">
   <marc:leader>00000nam a2200000 a 4500</marc:leader>
   <marc:datafield ind1="1" ind2=" " tag="100">
      <marc:subfield code="a">Fleury, Sarah</marc:subfield>
      <marc:subfield code="4">aut</marc:subfield>
      <marc:subfield code="e">Verfasser/-in</marc:subfield>
   </marc:datafield>
   <marc:datafield ind1=" " ind2=" " tag="653">
      <marc:subfield code="a">Magie</marc:subfield>
   </marc:datafield>
   <marc:datafield ind1=" " ind2=" " tag="653">
      <marc:subfield code="a">Mädchen</marc:subfield>
   </marc:datafield>
   <marc:datafield ind1=" " ind2=" " tag="653">
      <marc:subfield code="a">Weibliche Jugend</marc:subfield>
   </marc:datafield>
   <marc:datafield ind1=" " ind2=" " tag="653">
      <marc:subfield code="a">Flucht</marc:subfield>
   </marc:datafield>
   <marc:datafield ind1=" " ind2=" " tag="653">
      <marc:subfield code="a">Kinderbuch</marc:subfield>
   </marc:datafield>
   <marc:datafield ind1=" " ind2=" " tag="653">
      <marc:subfield code="a">Kinderbücher bis 11 Jahre</marc:subfield>
   </marc:datafield>
   <marc:datafield ind1=" " ind2=" " tag="653">
      <marc:subfield code="a">Academy</marc:subfield>
   </marc:datafield>
   <marc:datafield ind1=" " ind2=" " tag="653">
      <marc:subfield code="a">Phönix</marc:subfield>
   </marc:datafield>
   <marc:datafield ind1=" " ind2=" " tag="653">
      <marc:subfield code="a">Elemente</marc:subfield>
   </marc:datafield>
   <marc:datafield ind1=" " ind2=" " tag="653">
      <marc:subfield code="a">Feuermagie</marc:subfield>
   </marc:datafield>
   <marc:datafield ind1=" " ind2=" " tag="653">
      <marc:subfield code="a">Fantasy ab 10</marc:subfield>
   </marc:datafield>
   <marc:datafield ind1=" " ind2=" " tag="653">
      <marc:subfield code="a">Feuermädchen</marc:subfield>
   </marc:datafield>
   <marc:datafield ind1=" " ind2=" " tag="653">
      <marc:subfield code="a">Feuersalamander</marc:subfield>
   </marc:datafield>
   <marc:datafield ind1=" " ind2=" " tag="653">
      <marc:subfield code="a">Starke Mädchen</marc:subfield>
   </marc:datafield>
   <marc:datafield ind1=" " ind2=" " tag="653">
      <marc:subfield code="a">Magische Fantasywelt</marc:subfield>
   </marc:datafield>
   <marc:datafield ind1=" " ind2=" " tag="653">
      <marc:subfield code="a">Fantasy</marc:subfield>
   </marc:datafield>
   <marc:datafield ind1="0" ind2="0" tag="245">
      <marc:subfield code="a">Flüsterin der Flammen</marc:subfield>
   </marc:datafield>
   <marc:datafield ind1="0" ind2="0" tag="245">
      <marc:subfield code="c">Fleury, Sarah</marc:subfield>
   </marc:datafield>
   <marc:datafield ind1=" " ind2="1" tag="264">
      <marc:subfield code="a">Hamburg</marc:subfield>
      <marc:subfield code="b">Verlag Friedrich Oetinger</marc:subfield>
      <marc:subfield code="c">2026</marc:subfield>
   </marc:datafield>
   <marc:datafield ind1="1" ind2=" " tag="490">
      <marc:subfield code="a">Lucia</marc:subfield>
      <marc:subfield code="v">1</marc:subfield>
   </marc:datafield>
   <marc:datafield ind1=" " ind2=" " tag="250">
      <marc:subfield code="a">1. Aufl.</marc:subfield>
   </marc:datafield>
   <marc:datafield ind1="1" ind2=" " tag="520">
      <marc:subfield code="a">Mit exklusivem Farbschnitt in der Erstauflage! &#xD;
  &#xD;
Das sagenumwobene Feuerland &#xD;
  &#xD;
Italien, Catania: Die dreizehnjährige Lucia führt ein ganz normales Leben, bis sich plötzlich eine brennende Flamme in ihrem Inneren regt und aus ihren Händen im wahrsten Sinne des Wortes Funken sprühen. Das allein wäre schon problematisch genug, denn Feuermagie ist schon lange verboten, aber zusätzlich jagen sie nun auch noch unheimliche Nebelwesen. Gemeinsam mit ihrem altklugen Feuersalamander Yuki und dem geheimnisvollen Finn flieht sie durch ein verborgenes Portal nach Flammaris, dem einst leuchtenden Feuerland, das inzwischen von dichtem Nebel verschluckt wird. Doch nicht nur die Gefahren kommen immer näher, auch ihre Vergangenheit holt sie langsam ein... &#xD;
  &#xD;
Lucia 1. Flüsterin der Flammen: Auftakt der spannenden Fantasy-Buchreihe über Magie und Feuerkraft &#xD;
   &#xD;
    &#xD;
    &#xD;
     Die Macht der Feuerwesen: Ein mitreißendes Fantasy-Buch für Kinder ab 10 Jahren.&#xD;
     &#xD;
    &#xD;
    &#xD;
     Ein starkes Mädchen: Auf der Suche nach ihrer Herkunft entdeckt Lucia, dass sie Feuerkräfte besitzt, die ihr Leben dramatisch verändern.&#xD;
     &#xD;
    &#xD;
    &#xD;
     Magische Wesen: Der freche Feuersalamander Yuki steht Lucia zur Seite und begleitet sie in die Feuerakademie Fenicia.&#xD;
     &#xD;
    &#xD;
    &#xD;
     Geniales Setting: Eine einzigartige Kombination aus einer sizilianischen Vulkanlandschaft, einem verschwundenen Feuerland, einer verborgenen Akademie und einem mutigen Feuermädchen.&#xD;
     &#xD;
    &#xD;
    &#xD;
     Feuermagie pur: Das Fantasy-Kinderbuch ist der perfekte Lesestoff für junge Leser*innen ab 10 Jahren, die von magischen Wesen und geheimnisvollen Welten nicht genug bekommen können.</marc:subfield>
   </marc:datafield>
   <marc:datafield ind1=" " ind2=" " tag="020">
      <marc:subfield code="a">9783751208215</marc:subfield>
      <marc:subfield code="9">9783751208215</marc:subfield>
   </marc:datafield>
   <marc:datafield ind1=" " ind2=" " tag="020">
      <marc:subfield code="a">3751208216</marc:subfield>
      <marc:subfield code="9">3751208216</marc:subfield>
   </marc:datafield>
   <marc:datafield ind1=" " ind2=" " tag="041">
      <marc:subfield code="a">ger</marc:subfield>
   </marc:datafield>
   <marc:datafield ind1="0" ind2=" " tag="490">
      <marc:subfield code="v">1</marc:subfield>
   </marc:datafield>
   <marc:datafield ind1="1" ind2=" " tag="521">
      <marc:subfield code="a">Kind</marc:subfield>
   </marc:datafield>
   <marc:datafield ind1=" " ind2=" " tag="338">
      <marc:subfield code="a">Band</marc:subfield>
   </marc:datafield>
   <marc:datafield ind1=" " ind2=" " tag="300">
      <marc:subfield code="a">327 S.</marc:subfield>
   </marc:datafield>
</marc:record>
